00325pab a2200133 454500008004000000100001900040245003600059260000900095300000900104362001000113650003300123650002500156773001000181180718b1999 xxu||||| |||| 00| 0 eng d aShiva, Vandana aMonsanto's expanding monopolies c1999 ap.10 a1 May aAgricultural markets - India aAgricultural markets aHindu